[Event "Bekasi Percasi op 1st"]
[Site "Bekasi"]
[Date "2023.11.02"]
[Round "2"]
[White "Susanto, Rahman"]
[Black "Majella, Yoseph Rudijanto"]
[Result "1/2-1/2"]
[WhiteElo "1975"]
[BlackElo "2130"]
[PlyCount "64"]
[EventDate "2023.11.01"]
[EventType "swiss"]
[EventRounds "9"]
[EventCountry "INA"]
[SourceTitle "CB46_2023"]
[SourceDate "2023.11.15"]
[SourceVersion "1"]
[SourceVersionDate "2023.11.15"]
[SourceQuality "1"]

1. e4 e6 2. d4 d5 3. exd5 exd5 4. Nf3 Nf6 5. Bd3 Bd6 6. 0-0 0-0 7. Bg5 Bg4 8. Nbd2 Nbd7 9. c3 c6 10. Qc2 Qc7 11. Rfe1 Rae8 12. Bh4 Bh5 13. b4 Bg6 14. Bxg6 hxg6 15. Qd3 Nh5 16. Bg3 Nxg3 17. hxg3 Nf6 18. Ng5 Qd7 19. Qf3 Qf5 20. Qxf5 gxf5 21. Ngf3 Ng4 22. Nb3 b6 23. a4 g6 24. a5 Rxe1+ 25. Rxe1 Nf6 26. Nfd2 Rc8 27. axb6 axb6 28. Ra1 Re8 29. Kf1 Kf8 30. Ra7 Re7 31. Ra8+ Re8 32. Ra7 Re7 1/2-1/2

[Event "Titled Tuesday intern op 12th Sep Early"]
[Site "Chess.com INT"]
[Date "2023.09.12"]
[Round "5"]
[White "Fernandez, Gerardo"]
[Black "Majella, Yoseph Rudijanto"]
[Result "0-1"]
[WhiteElo "2181"]
[BlackElo "2130"]
[PlyCount "104"]
[EventDate "2023.09.12"]
[EventType "swiss (blitz)"]
[EventRounds "11"]
[EventCountry "USA"]
[SourceTitle "EXT 2024"]
[Source "ChessBase"]
[SourceDate "2023.10.10"]
[SourceVersion "1"]
[SourceVersionDate "2023.10.10"]
[SourceQuality "1"]

1. e4 e5 2. Nf3 Nc6 3. Bb5 Nf6 4. d3 Bc5 5. Nc3 h6 6. 0-0 d6 7. h3 0-0 8. Be3 Bb6 9. a4 Ne7 10. d4 c6 11. dxe5 dxe5 12. Bc4 Ng6 13. Qe2 Qe7 14. a5 Bc5 15. Nd2 Bb4 16. f3 Be6 17. Qf2 Rad8 18. Bxe6 fxe6 19. Bxa7 Nf4 20. Nb3 N6h5 21. Bc5 Qg5 22. Kh2 Bxc5 23. Nxc5 Ng6 24. Nxe6 Qf6 25. Nxd8 Rxd8 26. Rad1 Rf8 27. g3 Qg5 28. Rd3 Nf6 29. Rfd1 Qh5 30. Rd8 Rxd8 31. Rxd8+ Kh7 32. Rd3 Qg5 33. Ne2 Nh5 34. h4 Qf6 35. g4 Nhf4 36. Nxf4 Nxf4 37. Rd7 Ne6 38. Qd2 Qxh4+ 39. Kg2 Nf4+ 40. Kf1 Qh1+ 41. Kf2 Qg2+ 42. Ke3 Qg1+ 43. Qf2 Qc1+ 44. Qd2 Qf1 45. Qf2 Ng2+ 46. Qxg2 Qxg2 47. Rd2 Qg1+ 48. Kd3 Qc5 49. c3 Qxa5 50. b4 Qb5+ 51. Ke3 c5 52. Rd4 cxd4+ 0-1

[Event "Titled Tuesday intern op 08th Mar Early"]
[Site "Chess.com INT"]
[Date "2022.03.08"]
[Round "5"]
[White "Pinheiro, Iung Alicio"]
[Black "Majella, Yoseph Rudijanto"]
[Result "1-0"]
[WhiteElo "2320"]
[BlackElo "2130"]
[PlyCount "173"]
[EventDate "2022.03.08"]
[EventType "swiss (blitz)"]
[EventRounds "11"]
[EventCountry "USA"]
[SourceTitle "CBM 207 Extra"]
[Source "ChessBase"]
[SourceDate "2022.05.31"]
[SourceVersion "1"]
[SourceVersionDate "2022.05.31"]
[SourceQuality "1"]

1. c4 e5 2. g3 Nf6 3. Bg2 Nc6 4. Nc3 Bc5 5. a3 a6 6. e3 d6 7. Nge2 0-0 8. h3 Ba7 9. 0-0 Be6 10. Nd5 Bxd5 11. cxd5 Ne7 12. d4 Nexd5 13. Qb3 c6 14. dxe5 dxe5 15. Qxb7 Qb6 16. Qxb6 Bxb6 17. b3 Rab8 18. Bb2 Bc7 19. Nc1 Rfd8 20. Ra2 Ne7 21. Ba1 Rd7 22. Rc2 e4 23. Bxf6 gxf6 24. Bxe4 Nd5 25. Rxc6 Be5 26. Nd3 Ne7 27. Nxe5 fxe5 28. Rc3 f5 29. Bd3 Kg7 30. Bxa6 Ra7 31. Bc4 Rxa3 32. Rd1 Rb7 33. Rcd3 Raa7 34. Rd6 Rc7 35. Re6 Ng6 36. h4 Re7 37. Rc6 Rad7 38. Rdd6 Rxd6 39. Rxd6 h5 40. b4 f4 41. e4 fxg3 42. fxg3 Rc7 43. Bd5 Rc3 44. Kf2 Rc2+ 45. Ke3 Rc3+ 46. Kf2 Rc2+ 47. Ke1 Rc3 48. b5 Rxg3 49. b6 Nf4 50. b7 Rg1+ 51. Kd2 Rb1 52. Rd8 Nxd5 53. b8Q Rxb8 54. Rxb8 Nf6 55. Ke3 Ng4+ 56. Kf3 Nf6 57. Rb5 Ng4 58. Rb6 Nf6 59. Re6 Ng4 60. Ra6 Nf6 61. Ke3 Ng4+ 62. Kd3 Nf2+ 63. Ke3 Ng4+ 64. Kf3 Nf6 65. Ra4 Kg6 66. Ra1 Ng4 67. Rg1 Kh6 68. Rxg4 hxg4+ 69. Kxg4 Kg6 70. h5+ Kf6 71. h6 Kg6 72. h7 Kxh7 73. Kf5 Kg7 74. Kxe5 Kf7 75. Kd6 Ke8 76. Ke6 Kf8 77. Kd7 Kf7 78. e5 Kf8 79. e6 Kg7 80. e7 Kh8 81. e8Q+ Kg7 82. Qe5+ Kh7 83. Qf6 Kg8 84. Qe7 Kh8 85. Ke6 Kg8 86. Kf6 Kh8 87. Qg7# 1-0

[Event "Titled Tuesday intern op 08th Mar Early"]
[Site "Chess.com INT"]
[Date "2022.03.08"]
[Round "6"]
[White "Shuvalov, Evgenij"]
[Black "Majella, Yoseph Rudijanto"]
[Result "0-1"]
[WhiteElo "2182"]
[BlackElo "2130"]
[PlyCount "62"]
[EventDate "2022.03.08"]
[EventType "swiss (blitz)"]
[EventRounds "11"]
[EventCountry "USA"]
[SourceTitle "CBM 207 Extra"]
[Source "ChessBase"]
[SourceDate "2022.05.31"]
[SourceVersion "1"]
[SourceVersionDate "2022.05.31"]
[SourceQuality "1"]

1. e4 e5 2. f4 exf4 3. Bc4 Nc6 4. Nf3 Nf6 5. Nc3 Bb4 6. e5 d5 7. exf6 dxc4 8. fxg7 Rg8 9. Qe2+ Be6 10. a3 Ba5 11. b4 cxb3 12. cxb3 Rxg7 13. Bb2 Rg6 14. 0-0 Qd7 15. Kh1 0-0-0 16. b4 Bb6 17. Ne4 Nd4 18. Nxd4 Bxd4 19. Bxd4 Qxd4 20. Rac1 Rdg8 21. Rf2 Bd5 22. d3 f5 23. Nd6+ Rxd6 24. Qe7 Rd7 25. Qh4 Rdg7 26. h3 Rxg2 27. Rxg2 Rxg2 28. Qe7 Rc2+ 29. Qe4 Bxe4+ 30. dxe4 Qxe4+ 31. Kg1 Qg2# 0-1

[Event "Titled Tuesday intern op 20th Apr"]
[Site "Chess.com INT"]
[Date "2021.04.20"]
[Round "10"]
[White "Gombocz, Ferenc Jr"]
[Black "Majella, Yoseph Rudijanto"]
[Result "0-1"]
[WhiteElo "2280"]
[BlackElo "2130"]
[PlyCount "58"]
[EventDate "2021.04.20"]
[EventType "swiss (blitz)"]
[EventRounds "11"]
[EventCountry "USA"]
[SourceTitle "CBM 202 Extra"]
[Source "ChessBase"]
[SourceDate "2021.07.31"]
[SourceVersion "1"]
[SourceVersionDate "2021.07.31"]
[SourceQuality "1"]

1. c4 c5 2. g3 g6 3. Bg2 Bg7 4. Nc3 e5 5. e4 Ne7 6. Nge2 0-0 7. 0-0 Nbc6 8. d3 d6 9. a3 h6 10. Rb1 b6 11. b4 Be6 12. h3 Kh7 13. f4 f5 14. Kh2 Qd7 15. Nd5 Nd4 16. Nxe7 Qxe7 17. Nxd4 exd4 18. exf5 Bxf5 19. Bxa8 Rxa8 20. Re1 Qb7 21. Bd2 Bxd3 22. Rc1 Be4 23. Qg4 Re8 24. Qe2 d3 25. Qf1 Bd4 26. Rb1 Qf7 27. Rxe4 Rxe4 28. Qxd3 Qe6 29. Rf1 Re2+ 0-1

[Event "Titled Tuesday intern op 20th Apr"]
[Site "Chess.com INT"]
[Date "2021.04.20"]
[Round "7"]
[White "Havanecz, Bianka"]
[Black "Majella, Yoseph Rudijanto"]
[Result "1-0"]
[WhiteElo "2257"]
[BlackElo "2130"]
[PlyCount "113"]
[EventDate "2021.04.20"]
[EventType "swiss (blitz)"]
[EventRounds "11"]
[EventCountry "USA"]
[SourceTitle "CBM 202 Extra"]
[Source "ChessBase"]
[SourceDate "2021.07.31"]
[SourceVersion "1"]
[SourceVersionDate "2021.07.31"]
[SourceQuality "1"]

1. d4 d5 2. c4 e6 3. Nf3 Nf6 4. g3 Be7 5. Bg2 0-0 6. 0-0 b6 7. cxd5 exd5 8. Nc3 Bf5 9. Bf4 Nbd7 10. Rc1 c5 11. dxc5 Nxc5 12. Nd4 Be6 13. Nc6 Qd7 14. Nxe7+ Qxe7 15. Nb5 Rad8 16. Nd4 Rc8 17. a3 a5 18. b4 axb4 19. axb4 Nce4 20. b5 Rxc1 21. Qxc1 Rc8 22. Qb2 Bd7 23. Rc1 g5 24. Rxc8+ Bxc8 25. Nc6 Qc5 26. Be3 Qf8 27. Bxb6 Bd7 28. Bd4 Bxc6 29. bxc6 Qd6 30. Qc2 Qc7 31. Be3 h6 32. h4 Ng4 33. Bxe4 Nxe3 34. fxe3 dxe4 35. Qxe4 Qxg3+ 36. Kf1 gxh4 37. Qe8+ Kg7 38. Qd7 h3 39. Qd4+ Kh7 40. Qe4+ Kg7 41. Qd4+ f6 42. Qd7+ Kg6 43. Qe8+ Kf5 44. e4+ Kf4 45. Qb8+ Kg4 46. Qxg3+ Kxg3 47. Kg1 h2+ 48. Kh1 f5 49. exf5 h5 50. c7 h4 51. c8Q Kh3 52. f6+ Kg3 53. f7 h3 54. Qg8+ Kh4 55. f8Q Kh5 56. Qf5+ Kh4 57. Qfg4# 1-0

[Event "Titled Tuesday intern op 20th Apr"]
[Site "Chess.com INT"]
[Date "2021.04.20"]
[Round "1"]
[White "Majella, Yoseph Rudijanto"]
[Black "Kislov, Oleg"]
[Result "0-1"]
[WhiteElo "2130"]
[BlackElo "2249"]
[PlyCount "106"]
[EventDate "2021.04.20"]
[EventType "swiss (blitz)"]
[EventRounds "11"]
[EventCountry "USA"]
[SourceTitle "CBM 202 Extra"]
[Source "ChessBase"]
[SourceDate "2021.07.31"]
[SourceVersion "1"]
[SourceVersionDate "2021.07.31"]
[SourceQuality "1"]

1. e4 c5 2. d4 cxd4 3. c3 dxc3 4. Nxc3 Nc6 5. Bc4 e6 6. Nf3 a6 7. 0-0 d6 8. Qe2 b5 9. Bb3 Ra7 10. Rd1 Rd7 11. Bf4 Bb7 12. Rac1 Be7 13. Rd2 Nf6 14. Rcd1 0-0 15. h3 b4 16. Na4 Na5 17. e5 Nd5 18. Bxd5 Bxd5 19. Qxa6 Bxf3 20. gxf3 d5 21. Nb6 Rb7 22. Be3 Qb8 23. Qxa5 Bd8 24. Qxb4 Bxb6 25. Bxb6 Rxb6 26. Qd4 Rb4 27. Qc3 Rc8 28. Qa3 Rh4 29. Kg2 Qxe5 30. Qe3 Qf5 31. Rh1 Rcc4 32. Qb6 Rc8 33. Rd4 Rxd4 34. Qxd4 h5 35. a4 Rc2 36. a5 Qg5+ 37. Kf1 Rc1+ 38. Ke2 Rxh1 39. a6 Qc1 40. f4 Re1+ 41. Kf3 Qd1+ 42. Qxd1 Rxd1 43. b4 Rb1 44. a7 Ra1 45. b5 Rxa7 46. b6 Rb7 47. f5 Rxb6 48. fxe6 fxe6 49. Kf4 Kf7 50. Ke5 g6 51. f4 Ke7 52. h4 Rb4 53. f5 Re4# 0-1

[Event "Kuala Lumpur op"]
[Site "Kuala Lumpur"]
[Date "2014.04.07"]
[Round "4"]
[White "Majella, Yoseph Rudijanto"]
[Black "Wohl, Aleksandar H"]
[Result "1/2-1/2"]
[WhiteElo "2278"]
[BlackElo "2355"]
[PlyCount "115"]
[EventDate "2014.04.04"]
[EventType "swiss"]
[EventRounds "9"]
[EventCountry "MAS"]
[SourceTitle "EXT 2015"]
[Source "ChessBase"]
[SourceDate "2014.11.20"]
[SourceVersion "1"]
[SourceVersionDate "2014.11.20"]
[SourceQuality "1"]

1. Nf3 b5 2. e4 Bb7 3. d3 e6 4. Nbd2 c5 5. g3 Nc6 6. Bg2 Nf6 7. 0-0 Be7 8. Re1 d6 9. Nf1 0-0 10. h3 Nd7 11. a4 bxa4 12. Rxa4 a5 13. d4 cxd4 14. Nxd4 Nc5 15. Nxc6 Bxc6 16. Rd4 Qc7 17. Ne3 Rfd8 18. Qh5 Rab8 19. Ng4 Nd7 20. e5 Nxe5 21. Rxe5 dxe5 22. Nh6+ gxh6 23. Rg4+ Kf8 24. Bxh6+ Ke8 25. Rg7 Kd7 26. Qxf7 Re8 27. Bg5 Bxg2 28. Bxe7 Kc6 29. Kxg2 Kb5 30. Qxe6 Qc6+ 31. Qxc6+ Kxc6 32. Ba3 Rb7 33. Rg4 Rf7 34. Rc4+ Kb5 35. Re4 Rc7 36. c3 Rc4 37. Kf3 Re6 38. Rxc4 Kxc4 39. Ke4 a4 40. g4 Rf6 41. f3 Rf4+ 42. Ke3 Kb3 43. Ke2 e4 44. fxe4 Rxe4+ 45. Kd3 Re1 46. c4 Rh1 47. c5 Rxh3+ 48. Kd4 Rh6 49. Kd5 Rg6 50. c6 Rxg4 51. c7 Rg8 52. Kc6 Rc8 53. Kb7 Re8 54. Kb6 Rc8 55. Kb7 Rxc7+ 56. Kxc7 h5 57. Kc6 h4 58. Kb5 1/2-1/2

[Event "Kuala Lumpur op"]
[Site "Kuala Lumpur"]
[Date "2014.04.04"]
[Round "1"]
[White "Majella, Yoseph Rudijanto"]
[Black "Singgih, Diajeng Theresa"]
[Result "1-0"]
[WhiteElo "2278"]
[BlackElo "1629"]
[PlyCount "113"]
[EventDate "2014.04.04"]
[EventType "swiss"]
[EventRounds "9"]
[EventCountry "MAS"]
[SourceTitle "EXT 2015"]
[Source "ChessBase"]
[SourceDate "2014.11.20"]
[SourceVersion "1"]
[SourceVersionDate "2014.11.20"]
[SourceQuality "1"]

1. e4 e5 2. Nf3 Nc6 3. Bb5 a6 4. Ba4 Bc5 5. Nxe5 Bxf2+ 6. Kxf2 Nxe5 7. d4 Qh4+ 8. g3 Ng4+ 9. Kg2 Qh5 10. h3 N4f6 11. Qxh5 Nxh5 12. Nc3 b5 13. Bb3 Ne7 14. Rf1 0-0 15. e5 Bb7+ 16. Kh2 g6 17. g4 Ng7 18. Bh6 b4 19. Ne2 Bd5 20. Ng3 a5 21. c4 bxc3 22. bxc3 Rfb8 23. c4 a4 24. cxd5 axb3 25. axb3 Rxa1 26. Rxa1 Nxd5 27. Ra5 c6 28. Ra7 Ne6 29. Ne4 Nxd4 30. Kg2 Nxb3 31. Rxd7 Nd4 32. Nd6 Ne6 33. Rxf7 g5 34. Ra7 Ndf4+ 35. Kf1 Nxh3 36. Ne4 Rb1+ 37. Ke2 Nhf4+ 38. Kd2 Nd5 39. Nxg5 Nxg5 40. Rg7+ Kh8 41. Rxg5 Rb7 42. Rf5 Rb8 43. Rf7 Re8 44. Kd3 Kg8 45. e6 Ne7 46. Ke4 Ng6 47. Kf5 c5 48. Kf6 c4 49. Rg7+ Kh8 50. Rxg6 hxg6 51. Kf7 Kh7 52. Bg5 Rg8 53. e7 Rg7+ 54. Ke6 Rg8 55. Kd7 Kg7 56. e8Q Rxe8 57. Kxe8 1-0

[Event "Nay Pyi Taw"]
[Site "Nay Pyi Taw"]
[Date "2013.08.03"]
[Round "7"]
[White "Majella, Yoseph Rudijanto"]
[Black "Phyo, Chit"]
[Result "0-1"]
[WhiteElo "2276"]
[BlackElo "2332"]
[PlyCount "114"]
[EventDate "2013.07.31"]
[EventType "tourn"]
[EventRounds "9"]
[EventCountry "MAS"]
[EventCategory "1"]
[SourceTitle "EXT 2014"]
[Source "ChessBase"]
[SourceDate "2013.11.20"]
[SourceVersion "1"]
[SourceVersionDate "2013.11.20"]
[SourceQuality "1"]

1. e4 e6 2. d3 d5 3. Nd2 Bc5 4. Qg4 Qf6 5. Ngf3 Nc6 6. c3 Nh6 7. Qh5 Qg6 8. Qh4 Ng4 9. d4 Be7 10. Qg3 dxe4 11. h3 Nxf2 12. Qxf2 exf3 13. Nxf3 Bd6 14. g4 0-0 15. Be3 Qe4 16. 0-0-0 Bf4 17. Re1 Ne7 18. Bg2 Bxe3+ 19. Rxe3 Qf4 20. Kb1 Nd5 21. Ree1 a5 22. Rhf1 h6 23. Qe2 Qg3 24. Qc2 a4 25. a3 Ra6 26. Qd2 Rb6 27. Ka1 Nf4 28. Bh1 Nxh3 29. Ne5 Ng5 30. Re3 Qh4 31. Qc2 Nh7 32. Be4 Nf6 33. Bd3 Rd6 34. Ref3 Bd7 35. g5 Qxg5 36. Qf2 h5 37. Rg3 Ng4 38. Rxg4 hxg4 39. Nxf7 Qf6 40. Qh2 Qxf1+ 41. Bxf1 Rxf7 42. Bd3 g6 43. Qg3 Kg7 44. Qxg4 e5 45. Qg3 exd4 46. Qe5+ Rff6 47. cxd4 Be6 48. Be4 Bf7 49. Kb1 Rde6 50. Qxc7 Rxe4 51. d5 Rd4 52. Qd7 Rd1+ 53. Kc2 Rxd5 54. Qxa4 Ra6 55. Qg4 Be6 56. Qe2 Rc6+ 57. Kb1 Rdc5 0-1

[Event "Wotulo Memorial"]
[Site "Jakarta"]
[Date "2001.04.01"]
[Round "12"]
[White "Prayitno, Sugeng"]
[Black "Majella, Yoseph Rudijanto"]
[Result "0-1"]
[WhiteElo "2391"]
[BlackElo "2321"]
[PlyCount "98"]
[EventDate "2001.03.23"]
[EventType "tourn"]
[EventRounds "13"]
[EventCountry "INA"]
[EventCategory "8"]
[SourceTitle "CBM 083"]
[Source "ChessBase"]
[SourceDate "2001.07.05"]
[SourceVersion "1"]
[SourceVersionDate "2001.07.05"]
[SourceQuality "1"]

1. e4 e6 2. d3 c5 3. g3 Nc6 4. Bg2 g6 5. Nc3 Bg7 6. f4 d6 7. Nf3 Nge7 8. Ne2 0-0 9. c3 f5 10. h4 Qe8 11. Be3 b6 12. Qc2 Bd7 13. 0-0-0 a5 14. Kb1 a4 15. h5 a3 16. b3 Rc8 17. hxg6 Qxg6 18. Rdg1 b5 19. e5 Nd5 20. Nh4 Qf7 21. Bxd5 exd5 22. Nf3 d4 23. Ng5 Qg6 24. Bc1 h6 25. Nf3 dxc3 26. Nxc3 Nd4 27. Qf2 Nxf3 28. Qxf3 Bc6 29. Qh5 Qe6 30. Rh3 b4 31. Nd1 dxe5 32. g4 exf4 33. gxf5 Rxf5 34. Qxh6 Qxh6 35. Rxh6 Bb5 36. Nf2 Rc6 37. Rh4 Rcf6 38. Rhg4 Rf7 39. Kc2 Kf8 40. Bd2 Bd4 41. Rg8+ Ke7 42. Re1+ Re5 43. Rxe5+ Bxe5 44. Ne4 Bd4 45. Rg5 f3 46. Bxb4 f2 47. Nd2 f1Q 48. Nxf1 cxb4 49. Rxb5 Rf2+ 0-1

[Event "Wotulo Memorial"]
[Site "Jakarta"]
[Date "2001.03.29"]
[Round "9"]
[White "Sasikiran, Krishnan"]
[Black "Majella, Yoseph Rudijanto"]
[Result "1/2-1/2"]
[WhiteElo "2601"]
[BlackElo "2321"]
[PlyCount "113"]
[EventDate "2001.03.23"]
[EventType "tourn"]
[EventRounds "13"]
[EventCountry "INA"]
[EventCategory "8"]
[SourceTitle "CBM 083"]
[Source "ChessBase"]
[SourceDate "2001.07.05"]
[SourceVersion "1"]
[SourceVersionDate "2001.07.05"]
[SourceQuality "1"]

1. d4 d5 2. c4 c6 3. Nc3 Nf6 4. Nf3 dxc4 5. a4 c5 6. e4 cxd4 7. Qxd4 Qxd4 8. Nxd4 e5 9. Ndb5 Na6 10. Bxc4 Bb4 11. 0-0 0-0 12. Be3 b6 13. Rfd1 Bc5 14. Nd6 Bxd6 15. Rxd6 Nc7 16. f3 Be6 17. Bxe6 Nxe6 18. a5 bxa5 19. Rxa5 Rfb8 20. Rd2 Rb7 21. Rxe5 a5 22. Rb5 Rxb5 23. Nxb5 Rb8 24. Nd4 Kf8 25. Nxe6+ fxe6 26. Bd4 Ke7 27. Bc3 a4 28. Rd1 Rc8 29. Kf2 g6 30. Rd4 Ra8 31. Bb4+ Kf7 32. Rc4 Ra7 33. Rc8 Nd7 34. Rh8 Rb7 35. Ba3 Kg7 36. Re8 Kf6 37. Ke2 Ne5 38. Rf8+ Kg7 39. Rc8 g5 40. Rc3 h5 41. Kd1 Rf7 42. Ke2 g4 43. Rc5 gxf3+ 44. gxf3 Nxf3 45. Rxh5 e5 46. Kd3 Kg6 47. Rh8 Ng5 48. h4 Ne6 49. Ra8 Rd7+ 50. Ke3 Nf4 51. Kf3 Rd1 52. Rxa4 Rd3+ 53. Kf2 Kh5 54. Ra8 Nh3+ 55. Kf1 Kg4 56. Bc5 Nf4 57. Ke1 1/2-1/2

[Event "Wotulo Memorial"]
[Site "Jakarta"]
[Date "2001.03.24"]
[Round "2"]
[White "Majella, Yoseph Rudijanto"]
[Black "Miezis, Normunds"]
[Result "0-1"]
[WhiteElo "2321"]
[BlackElo "2532"]
[PlyCount "160"]
[EventDate "2001.03.23"]
[EventType "tourn"]
[EventRounds "13"]
[EventCountry "INA"]
[EventCategory "8"]
[SourceTitle "CBM 083"]
[Source "ChessBase"]
[SourceDate "2001.07.05"]
[SourceVersion "1"]
[SourceVersionDate "2001.07.05"]
[SourceQuality "1"]

1. e4 c5 2. Nf3 e6 3. d4 cxd4 4. Nxd4 a6 5. Nc3 Qc7 6. Be2 b5 7. 0-0 Bb7 8. Re1 Nc6 9. Nxc6 dxc6 10. e5 Rd8 11. Bd3 c5 12. Qh5 g6 13. Qh3 b4 14. Na4 c4 15. Bf1 Bc6 16. b3 Bxa4 17. bxa4 Bc5 18. a3 a5 19. Be3 Qxe5 20. Bxc4 Bxe3 21. Qxe3 Qxe3 22. Rxe3 bxa3 23. Re5 Ra8 24. Rxa3 Nf6 25. Rb3 0-0 26. f3 Rfc8 27. Bd3 Nd7 28. Reb5 Kg7 29. Be4 Ra7 30. Bd3 Rcc7 31. Kf1 f5 32. Ke2 Nf6 33. g3 Nd5 34. Kd2 Kf6 35. f4 h6 36. c4 Nb4 37. Be2 Na6 38. Rb6 Nc5 39. Ra3 Rd7+ 40. Kc2 g5 41. Re3 Rac7 42. Re5 gxf4 43. gxf4 Rd4 44. Rb5 Nd7 45. Re3 Rxf4 46. Rh3 Nc5 47. Rxa5 Rf2 48. Kd1 Rg2 49. Ke1 Ke5 50. Kf1 Rg6 51. Ra3 Kd4 52. Ra8 Rcg7 53. Rd8+ Ke5 54. Ke1 Ne4 55. a5 Rg1+ 56. Bf1 R7g2 57. Rf3 Ra2 58. Rdd3 Rxa5 59. Ra3 Rc5 60. Ra4 Rh1 61. Rh3 Kf4 62. Rxh6 Re5 63. Ra1 Kf3 64. Rh3+ Kg4 65. Rh8 f4 66. Ke2 Ng3+ 67. Kf2 Rxf1+ 68. Rxf1 Re2+ 69. Kg1 Nxf1 70. Kxf1 Rc2 71. Re8 Kf5 72. h4 Rxc4 73. h5 Rc7 74. Ke2 e5 75. Rh8 Kg4 76. Rg8+ Kxh5 77. Kf3 Rc3+ 78. Ke4 Re3+ 79. Kf5 Kh4 80. Rg1 f3 0-1

[Event "Jakarta op"]
[Site "Jakarta"]
[Date "2000.??.??"]
[Round "5"]
[White "Prayitno, Sugeng"]
[Black "Majella, Yoseph Rudijanto"]
[Result "0-1"]
[WhiteElo "2405"]
[BlackElo "2325"]
[PlyCount "161"]
[EventDate "2000.??.??"]
[EventType "swiss"]
[EventRounds "7"]
[EventCountry "INA"]
[SourceTitle "EXT 2001"]
[Source "ChessBase"]
[SourceDate "2000.11.22"]
[SourceVersion "1"]
[SourceVersionDate "2000.11.22"]
[SourceQuality "1"]

1. d4 d5 2. Bg5 c6 3. Nf3 Bf5 4. e3 Qb6 5. b3 Nd7 6. Bd3 Bxd3 7. Qxd3 e6 8. 0-0 Ngf6 9. c4 Be7 10. Nc3 Bb4 11. Bxf6 Nxf6 12. Ne5 Bxc3 13. Qxc3 Ne4 14. Qe1 f6 15. Nd3 0-0 16. f3 Ng5 17. Nc5 Rfe8 18. f4 Nf7 19. Nd3 Rad8 20. c5 Qc7 21. Qg3 Re7 22. b4 Rde8 23. a4 e5 24. dxe5 fxe5 25. f5 Nh8 26. h4 Rf7 27. h5 e4 28. Qxc7 Rxc7 29. Nf4 Nf7 30. Ne6 Rd7 31. Nd4 Ne5 32. Rab1 Rf7 33. Kf2 Rf6 34. Ke2 Ref8 35. Rf4 Nd3 36. Rh4 R8f7 37. g4 h6 38. Rh2 Ne5 39. Rg2 Kh8 40. Rg3 Kh7 41. Kd2 Re7 42. Kc3 Nf7 43. Ne6 Ne5 44. Rg2 Nf3 45. Rf1 Kg8 46. Rg3 Kf7 47. Nf4 Rd7 48. Rgxf3 exf3 49. Ng6 Rd8 50. Rxf3 Re8 51. Kd3 Re4 52. Rf4 Rxf4 53. exf4 Ke8 54. Kd4 Rf7 55. Ne5 Rf6 56. Kd3 Rf8 57. Nf3 Kf7 58. Ne5+ Ke8 59. Ke3 Rf6 60. Kf3 Rf8 61. Ng6 Rf7 62. Ke3 Rd7 63. Kd4 Rd8 64. g5 Kf7 65. Ne5+ Kg8 66. Kd3 Rf8 67. Ng6 Re8 68. gxh6 gxh6 69. Ne5 Kg7 70. Ng4 Re4 71. f6+ Kh7 72. Ne5 Rxf4 73. Nf7 Rxf6 74. Nd6 Rf8 75. Kc3 Rb8 76. Kd4 Kg7 77. Ke5 Kf8 78. Kf5 Ke7 79. Kg6 Rg8+ 80. Kxh6 Rg4 81. Nxb7 0-1

[Event "World Cities"]
[Site "Jakarta "]
[Date "1997.??.??"]
[Round "9"]
[White "Majella, Yoseph Rudijanto"]
[Black "Zaw, Win Lay"]
[Result "1/2-1/2"]
[WhiteElo "2165"]
[BlackElo "2230"]
[PlyCount "80"]
[EventDate "1997.07.08"]
[EventType "swiss"]
[EventRounds "10"]
[EventCountry "INA"]
[SourceTitle "CBM 058 Extra"]
[Source "ChessBase"]
[SourceDate "1997.07.29"]
[SourceVersion "1"]
[SourceVersionDate "1997.07.29"]
[SourceQuality "1"]

1. e4 e5 2. Nf3 Nc6 3. Bb5 a6 4. Bxc6 dxc6 5. 0-0 Qd6 6. Qe2 Bg4 7. Na3 f6 8. Nc4 Qd7 9. d3 Ne7 10. Qe3 Ng6 11. h3 Be6 12. Na5 b6 13. Nb3 c5 14. Qe2 Be7 15. Be3 0-0 16. Rad1 Qa4 17. Ra1 c4 18. Nc1 cxd3 19. cxd3 c5 20. b3 Qb5 21. Qc2 Rfd8 22. Rd1 Rd6 23. Nd2 Qd7 24. Kh2 Rc6 25. a4 Rd8 26. Nc4 b5 27. axb5 axb5 28. Nd2 f5 29. f3 f4 30. Bf2 Bh4 31. Nf1 Be7 32. Qe2 Rcc8 33. Rd2 Ra8 34. Rda2 Qc6 35. Qc2 Rxa2 36. Rxa2 c4 37. bxc4 bxc4 38. Qc3 Qb5 39. Rb2 Qa4 40. Qd2 Qa3 1/2-1/2